• 首页
  • 本馆介绍
  • 公告通知
  • 最新文献
  • 馆藏检索
  • 电子资源
  • 读者导购
  • 参考咨询
  • 我的图书馆
  • 登录
  • 详细信息显示
  • 放入我的书架
  • 预约/预借图书
  • 作者相关作品
  • 分类相关作品
  • 丛书相关作品
  • 出版社相关作品

书目信息

  • 表格格式
  • 工作单格式
  • 卡片格式
题名:
细胞电生理学基本原理与膜片钳技术
    
 
作者: 关兵才
分册:  
出版信息: 北京   科学出版社  2013
页数: 372
开本: 26cm
丛书名:
单 册:
中图分类: Q42
科图分类:
主题词: 神经生理学
电子资源:
ISBN: 7-03-035845-5
000 00590nam0 2200181 450
001 1735846483
005 20170410095726.48
010    @a7-03-035845-5@d¥88.00
100    @a20170410d km y0chiy0120 ea
101 0  @achi
200 1  @a细胞电生理学基本原理与膜片钳技术@Axi bao dian sheng li xue ji ben yuan li yu mo pian qian ji shu@f关兵才等@Fguan bing cai deng
210    @a北京@c科学出版社@d2013
215    @a372@c彩图@d26cm
606 0  @a神经生理学
690    @aQ42@v4
701  0 @a关兵才@Aguan bing cai
801  0 @aCN@b大连网信软件有限公司图书馆·11@c20170410
905    @b6604377@dQ42@en3@f1
    
    细胞电生理学基本原理与膜片钳技术/关兵才等.-北京:科学出版社,2013
    372:彩图;26cm
    
    
    ISBN 7-03-035845-5:¥88.00
    
●
相关链接 在E读中查询图书 在五车中查询图书 在当当中查询图书 在豆瓣中查询图书


正题名:细胞电生理学基本原理与膜片钳技术     索取号:Q42/n3         预约/预借

序号 登录号 条形码 馆藏地/架位号 状态 备注
1 6604377   266043774   密集书库-生命科学系/ [索取号:Q42/n3] 在馆    
唐山师范学院图书馆 欢迎您!
大连网信软件有限公司© 版权所有